Dobrovoľné nemocenské poistenie od 1. 7. 2014

Krátky historický prehľad a dôvody zmien. Dôsledky obmedzenia súbehu dobrovoľného a povinného nemocenského poistenia. Praktické príklady.

Gespeichert in:
Bibliographische Detailangaben
1. Verfasser: Navrátilová, Ľubica
Format: Buchkapitel
Sprache:Slowakisch
Schlagworte:
Tags: Tag hinzufügen
Keine Tags, Fügen Sie das erste Tag hinzu!

MARC

LEADER 00000naa a2200000 4500
001 0192056
005 20231109104609.8
041 0 |a slo 
044 |a SK 
245 1 0 |a Dobrovoľné nemocenské poistenie od 1. 7. 2014  |c Ľubica Navrátilová 
520 |a Krátky historický prehľad a dôvody zmien. Dôsledky obmedzenia súbehu dobrovoľného a povinného nemocenského poistenia. Praktické príklady. 
610 2 0 |a poistenie nemocenské 
610 2 0 |a poistenie sociálne 
610 2 0 |a poistenie dobrovoľné 
610 2 0 |a poistenie povinné 
610 2 0 |a legislatíva 
610 2 0 |a novelizácia 
100 1 |a Navrátilová, Ľubica